[Event "BCF-ch"]
[Site "Southampton"]
[Date "1986.??.??"]
[Round "2"]
[White "Adams, Michael"]
[Black "Bowden, Karl"]
[Result "1-0"]
[WhiteElo "2260"]
[BlackElo "2340"]

1.e4 e6 2.d4 d5 3.Nd2 c5 4.exd5 Qxd5 5.Ngf3 cxd4 6.Bc4 Qd6 7.O-O Nf6 8.Nb3 Nc6
9.Nbxd4 Nxd4 10.Nxd4 a6 11.c3 Qc7 12.Bb3 Bd6 13.h3 O-O 14.Bg5 b5 15.Bc2 Bb7
16.Bxf6 gxf6 17.Qg4+ Kh8 18.Qh4 f5 19.Bxf5 f6 20.Nxe6 Qd7 21.Rad1 Rf7 22.Ng5 Bh2+
23.Kh1  1-0

[Event "BCF-ch"]
[Site "Southampton"]
[Date "1986.??.??"]
[Round "3"]
[White "Norwood, David"]
[Black "Adams, Michael"]
[Result "1/2-1/2"]
[WhiteElo "2415"]
[BlackElo "2260"]

1.g3 Nf6 2.Bg2 e5 3.d3 Be7 4.c4 O-O 5.Nc3 c6 6.e4 d6 7.Nf3 Nbd7 8.O-O Qc7
9.h3 a5 10.Be3 Nc5 11.Rc1 Nfd7 12.b3 Ne6 13.a3 Qd8 14.b4 Re8 15.Kh2 h6 16.d4 exd4
17.Nxd4 Ne5 18.Nce2 axb4 19.axb4 Ra3 20.Nb3 Nf8 21.f4 Neg6 22.Qc2 Nd7 23.Rcd1 Qc7
24.Bc1 Ra8 25.Ned4 Bf8 26.c5 dxc5 27.bxc5 Nf6 28.e5 Nd5 29.Bxd5 cxd5 30.e6 Nh8
31.f5 fxe6 32.fxe6 Bxe6 33.Nxe6 Rxe6 34.Rxd5 Qc6 35.Rdf5 Qe4 36.Qf2 Ng6 37.Bb2 Qc4
38.Nd4 Ree8 39.Rc1 Qd3 40.c6 bxc6 41.Rxc6 Ne5 42.Re6 Nc4 43.Rf3 Qb1 44.Rb3 Rxe6
45.Nxe6 Re8 46.Nxf8 Qe1 47.Qxe1 Rxe1 48.Bd4 Kxf8 49.Rb8+ Kf7 50.Rb7+ Re7
51.Rxe7+ Kxe7 52.Bxg7 h5 53.Bd4 Ke6 54.Kg2 Kf5  1/2-1/2

[Event "BCF-ch"]
[Site "Southampton"]
[Date "1986.??.??"]
[Round "4"]
[White "Adams, Michael"]
[Black "Kosten, Anthony C"]
[Result "1/2-1/2"]
[WhiteElo "2260"]
[BlackElo "2455"]

1.e4 e6 2.d4 d5 3.Nd2 c5 4.exd5 Qxd5 5.Ngf3 cxd4 6.Bc4 Qd6 7.O-O Nf6 8.Nb3 Nc6
9.Nbxd4 Nxd4 10.Nxd4 Bd7 11.Be3 Qc7 12.Bd3 O-O-O 13.Qf3 e5 14.Nb5 e4 15.Qf4 Qxf4
16.Bxf4 Bc5 17.Bc4 Bxb5 18.Bxb5 Nd5 19.Bg3 h5 20.Be2 g6 21.h3 h4 22.Bh2 f5
23.Bc4 e3 24.fxe3 Rhe8 25.Bb5 Re7 26.Kh1 Nxe3 27.Rfe1 g5 28.Bd3 f4 29.Bg1 Rf8
30.Be2 Kc7 31.Bf3 Rd7 32.Re2 Rfd8 33.Rae1 Bb6 34.Bxe3 fxe3 35.g3 hxg3 36.Kg2 Rf7
37.Kxg3 Rdf8 38.Rf1 Bc5 39.Kg2 b5 40.c3 a6 41.Rc2 Rf4 42.Re2 R4f6 43.Ree1 Rd8
44.Re2 Rd2 45.Bg4 Rfd6 46.Rf7+ Kd8 47.Rf5 R6d5 48.Kf3 Rxf5+ 49.Bxf5 Rd1 50.Bg4 Ke7
51.Ke4 Rf1 52.Kd5 Bb6 53.Kc6 Rf6+ 54.Kb7 a5 55.Ka6 b4 56.cxb4 axb4 57.Kb5 b3
58.a4 Bd4 59.Kc4 Rf4 60.Kxb3 Kd6 61.Kc2 Kc5 62.Kd3 Kb4 63.Rg2 Rf2  1/2-1/2

[Event "BCF-ch"]
[Site "Southampton"]
[Date "1986.??.??"]
[Round "7"]
[White "Watson, William N"]
[Black "Adams, Michael"]
[Result "0-1"]
[WhiteElo "2495"]
[BlackElo "2260"]

1.e4 e6 2.d4 d5 3.Nc3 Bb4 4.Bd3 dxe4 5.Bxe4 Nf6 6.Bd3 c5 7.a3 Ba5 8.dxc5 Bxc3+
9.bxc3 Nbd7 10.Be3 Qc7 11.Nf3 O-O 12.O-O e5 13.Nd2 Nxc5 14.Bg5 e4 15.Bxf6 exd3
16.Bd4 dxc2 17.Qxc2 Ne6 18.Be3 b6 19.f4 Ba6 20.Rfe1 Rad8 21.Qa4 Nc5 22.Qc2 Nd3
23.Rf1 Rfe8 24.Rf3 Bb7 25.Rh3 g6 26.Rf1 Rxe3 27.Rxe3 Qc5 28.Nc4 b5 29.Kh1 bxc4
30.Qe2 Bc6 31.f5 Rb8 32.Rg3 Re8 33.Qd2 Qe5 34.fxg6 hxg6 35.Qh6 Qf5 36.Ra1 Ne1
37.Kg1 Re2 38.Rd1 Qf2+  0-1

[Event "BCF-ch"]
[Site "Southampton"]
[Date "1986.??.??"]
[Round "8"]
[White "Adams, Michael"]
[Black "Mestel, A Jonathan"]
[Result "0-1"]
[WhiteElo "2260"]
[BlackElo "2505"]

1.e4 c5 2.Nf3 d6 3.d4 cxd4 4.Nxd4 Nf6 5.Nc3 g6 6.Be2 Bg7 7.O-O O-O 8.Bg5 Nc6
9.Nb3 Be6 10.Kh1 h6 11.Bh4 g5 12.Bg3 d5 13.e5 Ne8 14.Nd4 Nxe5 15.Nxe6 fxe6
16.f4 gxf4 17.Rxf4 Rxf4 18.Bxf4 Ng6 19.Bg3 Qb6 20.Rb1 Qe3 21.Bd3 Ne5 22.Qf1 Nxd3
23.cxd3 Nd6 24.Re1 Qd2 25.Qe2 Qxe2 26.Rxe2 Rf8 27.Re1 Rf5 28.h3 Kf7 29.Nd1 Bd4
30.Bh2 e5 31.Bg1 h5 32.Nc3 Bxc3 33.bxc3 e4 34.Bc5 exd3 35.Bxd6 exd6 36.Rd1 d4
37.Rxd3 dxc3 38.Rxc3 Ke6 39.g4 hxg4 40.hxg4 Rg5 41.Rc4 b5 42.Rf4 Ke5 43.Rb4 d5
44.Kg2 a5 45.Rxb5 Rxg4+ 46.Kf3 Ra4 47.Rb2 Ra3+ 48.Kf2 Kd4 49.Ke1 Rh3 50.Rg2 Kc3
51.Rg5 Rh1+ 52.Ke2 Rh2+ 53.Kd1 d4  0-1

[Event "BCF-ch"]
[Site "Southampton"]
[Date "1986.??.??"]
[Round "11"]
[White "Adams, Michael"]
[Black "Hodgson, Julian M"]
[Result "1/2-1/2"]
[WhiteElo "2260"]
[BlackElo "2500"]

1.e4 c5 2.Nf3 e6 3.d4 cxd4 4.Nxd4 Nf6 5.Nc3 Bb4 6.Bd3 e5 7.Ne2 d5 8.exd5 Nxd5
9.Bd2 Nc6 10.O-O Nxc3 11.Nxc3 O-O 12.Qh5 g6 13.Qh6 Be6 14.Rad1 f5 15.a3 Be7
16.f3 Bf6 17.Kh1 Qe7 18.Qe3 Rac8 19.Nb5 b6 20.Qg1 Rfd8 21.Nc3 Qb7 22.Rfe1 Na5
23.Bc1 Nc4 24.Qf1 Qf7 25.Nb1 Nd6 26.Nd2 Nb7 27.b3 Nd6 28.Bb2 Qg7  1/2-1/2

[Event "BCF-ch"]
[Site "Swansea"]
[Date "1987.??.??"]
[Round "?"]
[White "Adams, Michael"]
[Black "Martin, Andrew D"]
[Result "1-0"]
[WhiteElo "2360"]
[BlackElo "2375"]

1.e4 c5 2.Nf3 g6 3.d4 Bg7 4.dxc5 Qa5+ 5.Nc3 Nf6 6.Bd3 Qxc5 7.O-O d6 8.Be3 Qa5
9.Qd2 Nc6 10.Bh6 O-O 11.Bxg7 Kxg7 12.Nd5 Qxd2 13.Nxd2 Be6 14.Nc7 Rac8 15.Nxe6+ fxe6
16.c3 e5 17.Rfe1 Nd8 18.Bc4 Nd7 19.f3 Nc5 20.Red1 h5 21.h4 g5 22.hxg5 Kg6
23.g3 Kxg5 24.Kf2 Kg6 25.Ke3 e6 26.Rh1 Nd7 27.Bf1 Nf6 28.Bh3 Rc7 29.Raf1 d5
30.f4 exf4+ 31.Rxf4 dxe4 32.Ke2 e5 33.Rf2 Nf7 34.Bf5+ Kh6 35.Nxe4 Ng5 36.Nxf6 Rxf6
37.g4 Nf7 38.Rxh5+ Kg7 39.Rh7+ Kg8 40.Be4 Rxf2+ 41.Kxf2 Rc4 42.Rxf7  1-0

[Event "BCF-ch"]
[Site "Swansea"]
[Date "1987.??.??"]
[Round "?"]
[White "Adams, Michael"]
[Black "Short, Nigel D"]
[Result "0-1"]
[WhiteElo "2360"]
[BlackElo "2620"]

1.e4 e5 2.Nf3 Nc6 3.Bb5 a6 4.Ba4 Nf6 5.O-O Be7 6.Re1 b5 7.Bb3 d6 8.c3 O-O
9.h3 Nd7 10.d4 Bf6 11.a4 Bb7 12.Na3 exd4 13.cxd4 Re8 14.Qd2 Re7 15.Bc2 Qe8
16.b3 bxa4 17.bxa4 a5 18.Bb1 Nc5 19.e5 dxe5 20.Qc2 e4 21.Bg5 Bxg5 22.Nxg5 Nd3
23.Rxe4 Rxe4 24.Qxd3 Re1+ 25.Kh2 g6 26.Ba2 Re7 27.Re1 Nd8 28.Rb1 Qc6 29.d5 Qd6+
30.Kg1 Qf4 31.h4 Qxh4 32.Qd2 Ba6 33.Nb5 Bxb5 34.Rxb5 Qxa4 35.Rb3 Ra6 36.Rb8 Rd6
37.Ra8 Qb4 38.Qxb4 axb4 39.f3 Kg7 40.Ne4 b3 41.Bxb3 Rb6 42.Ba4 Nb7 43.Bc6 Nd6  0-1

[Event "BCF-ch"]
[Site "Swansea"]
[Date "1987.??.??"]
[Round "?"]
[White "Adams, Michael"]
[Black "King, Daniel J"]
[Result "1/2-1/2"]
[WhiteElo "2360"]
[BlackElo "2470"]

1.e4 c5 2.Nf3 d6 3.d4 cxd4 4.Nxd4 Nf6 5.Nc3 a6 6.Be3 e5 7.Nb3 Be6 8.f3 Be7
9.Qd2 O-O 10.g4 d5 11.exd5 Nxd5 12.Nxd5 Bxd5 13.Bg2 Bh4+ 14.Bf2 Bxb3 15.Qxd8 Bxf2+
16.Kxf2 Rxd8 17.Rhd1 Nc6 18.axb3  1/2-1/2

[Event "BCF-ch"]
[Site "Swansea"]
[Date "1987.??.??"]
[Round "?"]
[White "Pritchett, Craig William"]
[Black "Adams, Michael"]
[Result "1-0"]
[WhiteElo "2385"]
[BlackElo "2360"]

1.e4 c6 2.d4 d5 3.Nd2 dxe4 4.Nxe4 Nd7 5.Bc4 Ngf6 6.Ng5 e6 7.Qe2 Nb6 8.Bb3 h6
9.N5f3 a5 10.a3 c5 11.Be3 Qc7 12.Ne5 a4 13.Ba2 cxd4 14.Bxd4 Bc5 15.O-O-O O-O
16.Ngf3 Nbd5 17.Bxc5 Qxc5 18.Nd3 Qe7 19.c4 Nc7 20.Nd4 Rd8 21.Ne5 Bd7 22.g4 Qc5
23.g5 hxg5 24.h4 g4 25.Nxg4 Nce8 26.Ne5 Bc6 27.Ndxc6 bxc6 28.Bb1 Rd5 29.f4 Rad8
30.Bc2 Rxd1+ 31.Rxd1 Rd4 32.Kb1 Rxd1+ 33.Bxd1 Qg1 34.Ka2 c5 35.Bxa4 Nd6 36.Qd1 Qxd1
37.Bxd1 Nfe4 38.a4 f6 39.Nd7 Kf7 40.a5 Nc8 41.Bf3 Ke7 42.Nb6 Ned6 43.b4 Kd8
44.bxc5 Ne8 45.Nxc8 Kxc8 46.Kb3 Nc7 47.Kb4 Kd7 48.Bb7 Ne8 49.Kb5 Kc7 50.Bc6  1-0

[Event "Wch U20"]
[Site "Adelaide"]
[Date "1988.??.??"]
[Round "2"]
[White "Adams, Michael"]
[Black "Hernandez, Eduardo"]
[Result "1-0"]
[WhiteElo "2460"]
[BlackElo "2290"]

1.e4 c5 2.Nf3 Nc6 3.d4 cxd4 4.Nxd4 Nf6 5.Nc3 d6 6.Be3 e6 7.Qd2 Be7 8.f3 O-O
9.g4 Nxd4 10.Bxd4 Nd7 11.O-O-O a6 12.h4 b5 13.g5 Qa5 14.Kb1 b4 15.Ne2 Ne5
16.Rh3 Bd7 17.Nc1 Rac8 18.Rg3 Nc4 19.Bxc4 Rxc4 20.Bf6 Bd8 21.Bxd8 Rxd8 22.h5 Be8
23.Rg2 Qc7 24.h6 g6 25.Nd3 a5 26.Ne5 Rc5 27.Ng4 f5 28.Nf6+ Kf8 29.Rf2 Ba4
30.b3 Bc6 31.Re1 Qf7 32.exf5 Rxf5 33.f4 Bd5 34.Qd4 Qb7 35.Rfe2 Qf7 36.Nxd5 Rxd5
37.Qh8+ Ke7 38.Rxe6+ Kd7 39.Re7+ Qxe7 40.Rxe7+ Kxe7 41.Qxh7+ Ke6 42.Qxg6+ Kd7
43.h7 Rd1+ 44.Kb2 Rh1 45.Qf5+  1-0

[Event "Wch U20"]
[Site "Adelaide"]
[Date "1988.??.??"]
[Round "5"]
[White "Blatny, Pavel"]
[Black "Adams, Michael"]
[Result "1-0"]
[WhiteElo "2490"]
[BlackElo "2460"]

1.e4 c6 2.d4 d5 3.Nc3 dxe4 4.Nxe4 Nd7 5.Bc4 Ngf6 6.Ng5 e6 7.Qe2 Nb6 8.Bd3 h6
9.N5f3 c5 10.dxc5 Bxc5 11.Ne5 Nbd7 12.Ngf3 Nxe5 13.Nxe5 Qc7 14.Bb5+ Bd7 15.O-O O-O
16.Nxd7 Nxd7 17.c3 Rad8 18.Ba4 a6 19.Bc2 Nf6 20.Qf3 Bd6 21.g3 Be5 22.Re1 Rfe8
23.a4 Rd5 24.Bb3 Rdd8 25.a5 Nd7 26.Ba4 Qxa5 27.Qxb7 Re7 28.Be3 Rb8 29.Qa7 Qc7
30.Qxc7 Bxc7 31.Red1 Rd8 32.b4 f5 33.Bxd7 Rexd7 34.Rxd7 Rxd7 35.Rxa6 e5 36.Kg2 g5
37.Bb6 Bd6 38.Ra8+ Kf7 39.Rd8 Rxd8 40.Bxd8 Ke6 41.h3 Kd5 42.g4 f4 43.Bf6 Bf8
44.f3 e4 45.fxe4+ Kxe4 46.b5 Kd5 47.b6 Kc6 48.Bd4 Be7 49.c4 Bd8 50.c5 Be7
51.Kf3 Bf8 52.Ke4 Be7 53.Kf5 Bf8 54.Ke6 f3 55.b7 Kc7 56.c6 Bd6 57.b8=Q+ Kxb8
58.Kxd6 Kc8 59.Bb6  1-0

[Event "Wch U20"]
[Site "Adelaide"]
[Date "1988.??.??"]
[Round "9"]
[White "Serper, Grigory"]
[Black "Adams, Michael"]
[Result "1-0"]
[WhiteElo "2435"]
[BlackElo "2460"]

1.e4 c6 2.d4 d5 3.Nd2 dxe4 4.Nxe4 Nd7 5.Bc4 Ngf6 6.Nxf6+ Nxf6 7.c3 Qc7 8.Nf3 Bg4
9.Qb3 e6 10.Ne5 Bf5 11.O-O Bd6 12.Re1 O-O 13.h3 Rac8 14.Bf4 h6 15.Rad1 Nd5
16.Bh2 Rfd8 17.Bf1 Qb6 18.Nc4 Bxh2+ 19.Kxh2 Qc7+ 20.Kg1 Nb6 21.Ne3 Bg6 22.Qa3 Nd5
23.Nc4 b6 24.Ne5 Bf5 25.b4 Qe7 26.Qb3 Rc7 27.a3 Nf6 28.c4 Nd7 29.Nf3 Qf8
30.c5 Nf6 31.Ne5 Be4 32.Qg3 Qe7 33.Nc4 b5 34.Nd6 Bg6 35.Bd3 Bxd3 36.Rxd3 Nd5
37.Rf3 Rf8 38.Re5 Qd8 39.Rh5 Kh7 40.Re5 Rd7 41.Re4 Nf6 42.Re2 Ne8 43.Rxe6 Nxd6
44.Rxd6 Rxd6 45.cxd6 Qd7 46.d5 cxd5 47.Qe5 Rd8 48.Qxd5 Qxd6 49.Qxd6 Rxd6
50.Rxf7 a6 51.Ra7 h5 52.h4 Kg6 53.f3 Kf6 54.Kf2 Rc6 55.Ke2 g6 56.Kd3 Ke5
57.g3 Rd6+ 58.Ke3 Rc6 59.Kd3 Rd6+ 60.Ke3 Rc6 61.Re7+ Kf6 62.Rd7 Ke6 63.Rd3 Ke5
64.Kd2 Kf6 65.Rc3 Re6 66.Kd3 g5 67.hxg5+ Kxg5 68.Kd4 Rd6+ 69.Kc5 Rd1 70.Kb6 Rg1
71.Kxa6 Rxg3 72.Kxb5 h4 73.a4 h3 74.Rc1 Kf4 75.a5 Rg8 76.a6 h2 77.Rh1  1-0

[Event "Wch U20"]
[Site "Adelaide"]
[Date "1988.??.??"]
[Round "10"]
[White "Adams, Michael"]
[Black "Paneque, Pedro"]
[Result "1-0"]
[WhiteElo "2460"]
[BlackElo "2300"]

1.e4 e6 2.d4 d5 3.Nd2 c5 4.exd5 exd5 5.Ngf3 Nc6 6.Bb5 Bd6 7.O-O Ne7 8.dxc5 Bxc5
9.Nb3 Bd6 10.Nfd4 O-O 11.c3 Ne5 12.Be2 f5 13.Bf4 N7g6 14.Bxe5 Bxe5 15.Re1 a6
16.Qc2 Bc7 17.Rad1 Nf4 18.Bf1 Qd6 19.g3 Nh5 20.f4 g6 21.c4 Nf6 22.Kh1 Ne4
23.Bg2 Bd7 24.cxd5 Rac8 25.Re2 Rfe8 26.Qb1 Bb6 27.Bf3 Qxd5 28.Kg2 Qc4 29.Rc2 Qb4
30.Rxc8 Rxc8 31.Qd3 Qc4 32.Qb1 Qb4 33.h4 a5 34.Ne2 Bb5 35.Nbd4 Nd2 36.Rxd2 Qxd2
37.Nxb5 Rc2 38.a4 Rxb2 39.Qa1 Bc5 40.Kh3 b6 41.h5 Bf8 42.Nbd4 Bg7 43.Qa3 Qb4
44.Qe3 Qd6 45.Qe8+ Qf8 46.Qd7 Rd2 47.Bd5+ Kh8 48.Ne6 Qg8 49.Ng5 Qf8 50.h6  1-0

[Event "EU-ch U20"]
[Site "Arnhem"]
[Date "1988.??.??"]
[Round "1"]
[White "Adams, Michael"]
[Black "Aschwanden, Franz Beat"]
[Result "1-0"]
[WhiteElo "2460"]
[BlackElo "2205"]

1.e4 c5 2.Nc3 d6 3.Nf3 Nf6 4.d4 cxd4 5.Nxd4 a6 6.Be3 e5 7.Nf3 Be7 8.Bc4 O-O
9.O-O Nbd7 10.a4 Ng4 11.Bc1 Ngf6 12.Qe2 Qc7 13.Rd1 Nc5 14.Bg5 Be6 15.Bxe6 fxe6
16.Qc4 Qc6 17.b4 b5 18.Qa2 Ncxe4 19.Qxe6+ Rf7 20.Nxe5  1-0

[Event "EU-ch U20"]
[Site "Arnhem"]
[Date "1988.??.??"]
[Round "6"]
[White "Hansen, Mads Smith"]
[Black "Adams, Michael"]
[Result "1/2-1/2"]
[WhiteElo "2245"]
[BlackElo "2460"]

1.e4 c5 2.Nf3 e6 3.d4 cxd4 4.Nxd4 Nf6 5.Nc3 d6 6.Be2 Be7 7.O-O O-O 8.f4 Nc6
9.Be3 Qc7 10.Ndb5 Qb8 11.a4 Bd7 12.Qd2 a6 13.Na3 Nb4 14.Nc4 Bc6 15.Nb6 Ra7
16.Bf3 Rd8 17.Qf2 Ra8 18.Nxa8 Qxa8 19.Bb6 Rc8 20.Kh1 Be8 21.Rad1 Nd7 22.Bd4 Nc6
23.Ne2 Nxd4 24.Nxd4 Qa7 25.Rd2 Bf6 26.c3 Qb8 27.Bd1 Nc5 28.Bc2 b5 29.axb5 axb5
30.Qe3 h6 31.b4 Na4 32.Bxa4 bxa4 33.b5 e5 34.fxe5 Bg5 35.Qf2 Bxd2  1/2-1/2

[Event "EU-ch U20"]
[Site "Arnhem"]
[Date "1988.??.??"]
[Round "10"]
[White "Adams, Michael"]
[Black "Gelfand, Boris"]
[Result "0-1"]
[WhiteElo "2460"]
[BlackElo "2585"]

1.e4 c5 2.Nf3 d6 3.d4 cxd4 4.Nxd4 Nf6 5.Nc3 a6 6.Be3 e5 7.Nb3 Be6 8.Qd2 Nbd7
9.f3 Be7 10.g4 h6 11.h4 b5 12.O-O-O Nb6 13.Qf2 Nfd7 14.Kb1 Qc7 15.Nd5 Bxd5
16.exd5 Nc4 17.f4 a5 18.fxe5 dxe5 19.Nd2 Nxb2 20.Bd3 Nxd3 21.cxd3 Nf6 22.Ne4 Nxd5
23.Rhg1 b4 24.Rdf1 Bxh4 25.Qf3 Nxe3 26.Qxe3 b3 27.axb3 Rb8 28.d4 O-O 29.g5 hxg5  0-1

[Event "Lloyds Bank op"]
[Site "London"]
[Date "1988.??.??"]
[Round "?"]
[White "Adams, Michael"]
[Black "Britton, Richard"]
[Result "1-0"]
[WhiteElo "2460"]
[BlackElo "2260"]

1.e4 c5 2.Nf3 d6 3.d4 cxd4 4.Nxd4 Nf6 5.Nc3 a6 6.Be3 e6 7.Qd2 Be7 8.f3 Nc6
9.g4 Nd7 10.O-O-O Qc7 11.Kb1 Nde5 12.Be2 b5 13.Ndxb5 axb5 14.Nxb5 Qa5 15.Qxa5 Rxa5
16.Bb6 Rxb5 17.Bxb5 Bb7 18.Be2 g5 19.Rd2 f6 20.a4 Kd7 21.b3 Ng6 22.Rhd1 Kc8
23.Bc4 Nf4 24.Bb5 Ne5 25.Rf1 h5 26.gxh5 Rxh5 27.a5 Rh3 28.a6 Ba8 29.Rfd1 d5
30.exd5 exd5 31.c4 Nxf3 32.Rc2 d4 33.c5 Nd5 34.Ka1 f5 35.a7 Bf6 36.Rd3 g4
37.Ba6+ Kd7 38.c6+ Ke6 39.c7 Nxb6 40.c8=Q+ Nxc8 41.Rxc8 Rh8 42.b4 Kd7 43.Rc5 Rxh2
44.Bc8+ Ke7 45.Bb7 g3 46.Bxa8 Rh1+ 47.Kb2 g2 48.Bxf3 g1=Q 49.Bxh1 Qxh1 50.Rc8 Qg2+
51.Ka3 Qf1 52.a8=Q Qxd3+ 53.Ka4 Qd1+ 54.Kb5 Qe2+ 55.Kb6 Kf7 56.Rf8+ Kg7 57.Rg8+ Kh7
58.Qd5 Qh5 59.Rg1 Kh6 60.Rh1 Bh4 61.Qxd4 Bd8+ 62.Qxd8  1-0

[Event "Lloyds Bank op"]
[Site "London"]
[Date "1988.??.??"]
[Round "?"]
[White "Adams, Michael"]
[Black "Kinsman, Andrew PH"]
[Result "0-1"]
[WhiteElo "2460"]
[BlackElo "2335"]

1.e4 e6 2.d4 d5 3.Nd2 Nf6 4.e5 Nfd7 5.c3 c5 6.f4 Nc6 7.Ndf3 Qb6 8.g3 Be7
9.Bh3 cxd4 10.cxd4 O-O 11.Kf1 f5 12.Ne2 a5 13.g4 Qd8 14.Rg1 Nb6 15.a4 Bd7
16.b3 Rc8 17.gxf5 exf5 18.Bb2 Be8 19.Ng3 Bg6 20.Rc1 Na8 21.Kf2 Nc7 22.Qd2 Ne6
23.Bf1 Qb6 24.Qe3 Nb4 25.Bb5 Nc2 26.Qd2 Bb4 27.Qd1 Nxf4 28.Bf1 Ne6 29.Rxc2 Rxc2+
30.Qxc2 f4 31.Bd3 fxg3+ 32.Rxg3 Nxd4 33.Bxd4 Qxd4+ 34.Ke2 Bxd3+ 35.Qxd3 Qb2+
36.Kf1 Qxe5 37.Kg2 Qe4 38.Qxe4 dxe4 39.Ng5 Bd6 40.Rh3 Rf4 41.Ne6 Rf6 42.Nd8 b6
43.Re3 Bc7 44.Nb7 Re6  0-1

[Event "Lloyds Bank op"]
[Site "London"]
[Date "1988.??.??"]
[Round "?"]
[White "Adams, Michael"]
[Black "Przewoznik, Jan"]
[Result "1-0"]
[WhiteElo "2460"]
[BlackElo "2370"]

1.e4 c5 2.Nf3 Nc6 3.d4 cxd4 4.Nxd4 e5 5.Nb5 d6 6.a4 Be6 7.N1c3 a6 8.Na3 Nf6
9.Bg5 Rc8 10.Bc4 Be7 11.O-O O-O 12.Bxf6 Bxf6 13.Nd5 Bg5 14.c3 Ne7 15.Qd3 Ng6
16.Rfd1 Kh8 17.Ba2 f5 18.exf5 Bxf5 19.Qe2 Bh4 20.f3 Qg5 21.Bb1 e4 22.Bxe4 Bxe4
23.Qxe4 Rce8 24.Qg4 Qxg4 25.fxg4 Re2 26.Nc4 Rff2 27.Nde3 Nf4 28.Rxd6 Nxg2
29.g5 Bxg5 30.Ng4 Rf4 31.Rf1 h5 32.Nge5 Kh7 33.Nf3 Be7 34.Rd2 Bc5+ 35.Kh1 Rxd2
36.Ncxd2 Ne3 37.Ng5+ Kg6 38.Rxf4 Kxg5 39.Rf7 Kh4 40.Ne4  1-0

[Event "Lloyds Bank op"]
[Site "London"]
[Date "1988.??.??"]
[Round "?"]
[White "Adams, Michael"]
[Black "Sadler, Matthew"]
[Result "1-0"]
[WhiteElo "2460"]
[BlackElo "2385"]

1.e4 c5 2.Nf3 d6 3.d4 cxd4 4.Nxd4 Nf6 5.Nc3 a6 6.Be3 e5 7.Nb3 Be6 8.Qd2 Be7
9.f3 O-O 10.O-O-O b5 11.g4 b4 12.Na4 Nc6 13.g5 Nd7 14.h4 Na5 15.Kb1 Nc4 16.Bxc4 Bxc4
17.Qxb4 Be2 18.Rdg1 Bxf3 19.Rh2 d5 20.Qb7 d4 21.Bc1 Rb8 22.Qc6 Qc8 23.Qxc8 Rfxc8
24.Nd2 Bxe4 25.Nxe4 Rc4 26.b4 Rcxb4+ 27.Nb2 Nc5 28.c3 R4b6 29.Nxc5 Bxc5 30.cxd4 Bxd4
31.Rd1 f5 32.gxf6 gxf6 33.a3 f5 34.Ka2 f4 35.Nc4 Rc6 36.Rg2+ Kf8 37.Na5 Rcb6
38.Nc4 Rc6 39.Na5 Rcb6 40.Rc2 Rb1 41.Rxd4 exd4 42.Bxf4 R8b5 43.a4 Rxa5 44.Kxb1 Rxa4
45.Rf2 Kg7 46.Kb2 Kg6 47.Bg5 Rb4+ 48.Kc2 Rb6 49.Kd3 Rd6 50.Rg2 Kh5 51.Be7 Rd7
52.Re2 a5 53.Re5+ Kg4 54.Bf6 Rd6 55.Re4+ Kh5 56.Bxd4 a4 57.Kc2 Rc6+ 58.Bc3 Ra6
59.Kb2 Ra8 60.Ka3  1-0

[Event "London NWYM"]
[Site "London"]
[Date "1988.??.??"]
[Round "?"]
[White "Adams, Michael"]
[Black "Hodgson, Julian M"]
[Result "1-0"]
[WhiteElo "2460"]
[BlackElo "2525"]

1.e4 d6 2.d4 Nf6 3.Nc3 g6 4.Bg5 Bg7 5.Qd2 O-O 6.f4 c6 7.e5 Nd5 8.Nxd5 cxd5
9.O-O-O Nc6 10.Ne2 Be6 11.h3 Rc8 12.g4 dxe5 13.fxe5 f6 14.exf6 exf6 15.Be3 Qb6
16.Kb1 Rfe8 17.Nf4 Bf7 18.Bg2 Red8 19.h4 Na5 20.Bf1 Nc4 21.Bxc4 dxc4 22.c3 Qc6
23.Ka1 Qf3 24.g5 Re8 25.Rh3 Qg4 26.Rg1 Qf5 27.gxf6 Bh6 28.Rf3 Qe4 29.Qf2 Rc6
30.Nxg6 hxg6 31.Bxh6 Rce6 32.Re3 Qd5 33.Rxe6 Rxe6 34.a3 b5 35.Qf4 Qh5 36.Bg5 Qe2
37.d5 Re5 38.h5 Rxd5 39.hxg6 Rd1+ 40.Ka2 Rxg1 41.Qb8+  1-0

[Event "London NWYM"]
[Site "London"]
[Date "1988.??.??"]
[Round "?"]
[White "Adams, Michael"]
[Black "Kosten, Anthony C"]
[Result "1-0"]
[WhiteElo "2460"]
[BlackElo "2510"]

1.e4 c5 2.Nf3 Nc6 3.d4 cxd4 4.Nxd4 Nf6 5.Nc3 d6 6.Be3 e5 7.Nf3 Be7 8.h3 O-O
9.Bc4 Be6 10.Bb3 b5 11.Qd3 Nb4 12.Qe2 Qd7 13.O-O Rfc8 14.Rfd1 Qb7 15.Bg5 Rc6
16.Bxe6 fxe6 17.a3 Na6 18.Nxb5 Rd8 19.Rab1 Nc5 20.Nc3 Rdc8 21.Ne1 Rb6 22.Bxf6 Bxf6
23.b4 Nd7 24.Rb3 Rbc6 25.Na4 Be7 26.Nb2 Nb6 27.Qg4 d5 28.Nbd3 Nc4 29.Nf3 Bf6
30.Nc5 Qf7 31.Ng5 h5 32.Qg3 Qe7 33.h4 Rd8 34.Rbb1 Rcd6 35.Qh3 Bxg5 36.hxg5 Qf7
37.g6 Qxg6 38.Nb7 Qxe4 39.Nxd8 Rxd8 40.Qxe6+ Kh7 41.Qf7 Rd6 42.Rb3 Rg6 43.Qf3 Qxc2
44.Rc3 Qa2 45.Qxh5+ Rh6 46.Qf5+ Kg8 47.Rh3 Rxh3 48.Qxh3 Nb6 49.Qe6+ Kh8 50.Qxe5 Qxa3
51.Qe8+ Kh7 52.Qh5+ Kg8 53.Re1  1-0

[Event "London NWYM"]
[Site "London"]
[Date "1988.??.??"]
[Round "?"]
[White "Adams, Michael"]
[Black "Kudrin, Sergey"]
[Result "1/2-1/2"]
[WhiteElo "2460"]
[BlackElo "2545"]

1.e4 c5 2.Nf3 d6 3.d4 cxd4 4.Nxd4 Nf6 5.Nc3 g6 6.Be2 Bg7 7.O-O O-O 8.Bg5 Nc6
9.Nb3 a6 10.a4 Be6 11.Kh1 Na5 12.Nxa5 Qxa5 13.Qd2 Rfd8 14.Rfd1 Kf8 15.f4 Rac8
16.Bf3 Rd7 17.Bh4 Rdc7 18.Qe2 Qb4 19.Be1 Qc4 20.Qf2 Ng4 21.Bxg4 Bxg4 22.Rd3 Qc5
23.Qg3 Be6 24.a5 Qh5 25.Bd2 Rc5 26.Qf2 Rxa5 27.Re1 Qc5 28.Qh4 Qh5 29.Qf2 Qc5
30.Qh4 Qh5 31.Qf2  1/2-1/2

[Event "London NWYM"]
[Site "London"]
[Date "1988.??.??"]
[Round "?"]
[White "King, Daniel J"]
[Black "Adams, Michael"]
[Result "1/2-1/2"]
[WhiteElo "2520"]
[BlackElo "2460"]

1.e4 c6 2.d4 d5 3.Nd2 dxe4 4.Nxe4 Nd7 5.Nf3 Ngf6 6.Nxf6+ Nxf6 7.g3 Bg4 8.Bg2 e6
9.O-O Bd6 10.b3 O-O 11.Bb2 Qa5 12.h3 Bh5 13.Qc1 Rad8 14.Ne5 Qc7 15.Re1 Bg6
16.Nxg6 hxg6 17.c4 Rd7 18.Qe3 Rfd8 19.Rac1 Qa5 20.a3 Bf8 21.b4 Qb6 22.Rb1 Qc7
23.Ba1 a5 24.Qb3 Ra8 25.Bc3 axb4 26.axb4 Rdd8 27.Bb2 Rdb8 28.b5 Qd7 29.bxc6 bxc6
30.Qf3 Ra2 31.Ba1 Rxb1 32.Rxb1 Qa7 33.Qd1 Qa6 34.Qf1 Kh7 35.Bc3 Rc2 36.Ra1 Qb6
37.Rb1 Qa6  1/2-1/2

[Event "Cannes schev"]
[Site "Cannes"]
[Date "1989.??.??"]
[Round "?"]
[White "Adams, Michael"]
[Black "Tal, Mihail"]
[Result "1/2-1/2"]
[WhiteElo "2495"]
[BlackElo "2610"]

1.e4 e5 2.Nf3 Nc6 3.Bb5 a6 4.Ba4 Nf6 5.O-O Be7 6.Re1 b5 7.Bb3 d6 8.c3 O-O
9.h3 Na5 10.Bc2 c5 11.d4 Qc7 12.Nbd2 Bd7 13.Nf1 cxd4 14.cxd4 Rac8 15.Ne3 Nc6
16.d5 Nb4 17.Bb1 a5 18.a3 Na6 19.b4 g6 20.Bd2 axb4 21.axb4 Qb7 22.Nh2 Nc7  1/2-1/2

[Event "Cannes schev"]
[Site "Cannes"]
[Date "1989.??.??"]
[Round "?"]
[White "Csom, Istvan"]
[Black "Adams, Michael"]
[Result "1/2-1/2"]
[WhiteElo "2545"]
[BlackElo "2495"]

1.c4 Nf6 2.g3 e5 3.Bg2 Nc6 4.Nc3 Bb4 5.e4 Bxc3 6.dxc3 d6 7.Qe2 O-O 8.Nf3 a5
9.O-O Be6 10.Ne1 Qd7 11.Nc2 Bh3 12.Bg5 Bxg2 13.Kxg2 Qe6 14.Bxf6 Qxf6 15.Ne3 Ne7
16.Rad1 Qg6  1/2-1/2

[Event "Cannes schev"]
[Site "Cannes"]
[Date "1989.??.??"]
[Round "?"]
[White "Spassky, Boris V"]
[Black "Adams, Michael"]
[Result "1/2-1/2"]
[WhiteElo "2580"]
[BlackElo "2495"]

1.e4 c6 2.d4 d5 3.e5 Bf5 4.Ne2 e6 5.Ng3 Bg6 6.h4 h5 7.Bd3 Bxd3 8.cxd3 Qb6
9.Ne2 Ne7 10.Nd2 Nf5 11.Nf3 c5 12.dxc5 Bxc5 13.d4 Be7 14.Bg5 Bb4+ 15.Kf1 Nc6
16.g3 Be7 17.Bxe7 Nfxe7 18.Qd2 O-O-O 19.Rc1 Kb8 20.Kg2 Rc8 21.Rc5 Nf5 22.Rhc1 Qd8
23.b4 Qd7 24.Nf4 Nce7 25.Ng5 Rxc5 26.dxc5 Rf8 27.Nxh5 Ng6 28.Nf3 d4 29.Nf4 Qc6
30.Nxg6 fxg6 31.Qe2 g5 32.hxg5 d3 33.Qxd3 Nd4 34.Qxd4 Qxf3+ 35.Kf1 Qh1+ 36.Ke2 Qf3+  1/2-1/2

[Event "London WFW"]
[Site "London"]
[Date "1989.??.??"]
[Round "?"]
[White "Adams, Michael"]
[Black "Motwani, Paul"]
[Result "0-1"]
[WhiteElo "2495"]
[BlackElo "2490"]

1.e4 e5 2.Nc3 Nc6 3.Bc4 Nf6 4.d3 Bb4 5.Ne2 d5 6.exd5 Nxd5 7.a3 Bxc3+ 8.bxc3 Be6
9.O-O Qd7 10.Rb1 b6 11.Bxd5 Bxd5 12.f4 O-O-O 13.Qe1 e4 14.Qf2 exd3 15.cxd3 Qf5
16.Qg3 Bc4 17.dxc4 Qxb1 18.Qf3 Rd6 19.c5 bxc5 20.Ng3 f5 21.Be3 Qd3 22.Rc1 Re8
23.Nf1 g6 24.h3 Re4 25.Bxc5 Rd5 26.Be3 Na5 27.Qf2 Nc4 28.Bxa7 Re2 29.Qh4 Qe4
30.Bf2 Qe7 31.Qh6 Nd2 32.Ng3 Rxf2 33.Kxf2 Qc5+ 34.Ke2 Nc4 35.Kf1 Rd2 36.Nh1 Ne3+
37.Ke1 Rxg2 38.Nf2 Rg1+ 39.Ke2 Rxc1 40.Qxh7 Rc2+  0-1

[Event "London WFW"]
[Site "London"]
[Date "1989.??.??"]
[Round "?"]
[White "Sadler, Matthew"]
[Black "Adams, Michael"]
[Result "1-0"]
[WhiteElo "2430"]
[BlackElo "2495"]

1.d4 Nf6 2.c4 e6 3.Nc3 Bb4 4.e3 b6 5.Ne2 Ne4 6.Bd2 Nxd2 7.Qxd2 Bb7 8.a3 Bxc3
9.Nxc3 O-O 10.Bd3 Bxg2 11.Rg1 Bf3 12.e4 Kh8 13.Qe3 Bh5 14.Rg5 g6 15.Kd2 f6
16.Rg3 Nc6 17.Rag1 e5 18.d5 Nd4 19.Ne2 c5 20.Nxd4 exd4 21.Qh6 Rg8 22.Rh3 Qe7
23.f4 b5 24.d6 Qf7 25.b3 Rg7 26.f5 Rag8 27.Rg2 a5 28.Rf2 Bg4 29.Rh4 gxf5
30.h3 Rg5 31.exf5 Bh5 32.Re4 Re8 33.Rxe8+ Qxe8 34.Qxf6+ Rg7 35.Rg2 Qf7 36.Qd8+ Qg8
37.Qxg8+ Kxg8 38.Rxg7+ Kxg7 39.cxb5 Bf3 40.b6 Bb7 41.Bb5 Kf6 42.Bxd7 Ke5
43.Be8 Kxd6 44.f6 Ke6 45.f7 Ke7 46.a4 Kf8 47.Kd3 h6 48.Kc4 Be4 49.Kxc5 d3
50.Bb5  1-0

[Event "Paris op-1"]
[Site "Paris"]
[Date "1989.??.??"]
[Round "?"]
[White "Adams, Michael"]
[Black "Kosten, Anthony C"]
[Result "1/2-1/2"]
[WhiteElo "2495"]
[BlackElo "2505"]

1.e4 c5 2.Nf3 Nc6 3.d4 cxd4 4.Nxd4 Nf6 5.Nc3 e6 6.Nxc6 bxc6 7.e5 Nd5 8.Ne4 Qc7
9.f4 Qb6 10.c4 Bb4+ 11.Ke2 f5 12.Nf2 Ba6 13.Kf3 Ne7 14.Be3 Bc5 15.Bxc5 Qxc5
16.Qd6 Qa5 17.h4 c5 18.Kg3 Rc8 19.Be2 Nc6  1/2-1/2